000 00497nmm a2200169Ia 4500
008 251105s9999||||xx |||||||||||||||||und||
020 _a9789681666248
041 _aspa
100 _aPiña Barba, María Cristina
245 0 _aLa física en la medicina
264 _a[México D.C., Mexico] :
_bFondo de Cultura Económica,
_c2013
300 _a119 páginas
490 _aLa Ciencia para Todos
650 _aSciences
856 _uhttps://public.digitaliapublishing.com/a/42964
942 _cCF
999 _c96930
_d96930